| 000 | 02222cam a2200313 a 4500 | ||
|---|---|---|---|
| 001 | 2353 | ||
| 003 | IVS | ||
| 005 | 20250828160639.0 | ||
| 008 | 931018s1993 enka b 001 0 eng | ||
| 010 | _a 93218988 | ||
| 020 |
_a1855383055 : _c$19.00 (USA) |
||
| 040 |
_aDLC _cDLC _dDLC |
||
| 050 | 0 | 0 |
_aNA2542.4 _b.D36 1993 |
| 082 | 0 | 0 |
_a720.613 DAY _220 _b2353 |
| 100 | 1 |
_aDay, Christopher, _d1942- |
|
| 245 | 1 | 0 |
_aPlaces of the soul : _barchitecture and environmental design as a healing art / _cChristopher Day. |
| 250 | _aPbk. ed. | ||
| 260 |
_aLondon : _bAquarian/Thorsons, _c1993. |
||
| 300 |
_a192 p. : _bill. ; _c24 cm. |
||
| 504 | _aIncludes bibliographical references and index. | ||
| 520 | _aRevised to incorporate the changes in opinions and attitudes since its first publication, the second edition of 'Places of the Soul' has brought Christopher Day's classic text into the 21st century. This new edition of the seminal text reminds us that true sustainable design does not simply mean energy efficient building. Sustainable buildings must provide for the 'soul'. For Christopher Day architecture is not just about a building's appearance, but how the building is experienced. 'Places of the Soul' presents buildings as environment, intrinsic to their surroundings, and offers design principles that will open the eyes of the architecture student and professional alike, presenting ideas quite different to the orthodoxy of modern architectural education. Christopher Day's experience as an architect, self-builder, professor and sculptor have all added to the development of his ideas that encompass issues of economic and social sustainability, commercial pressures and consensus design. This book presents these ideas and outlines universal principles that will be of interest and value to architects, builders, planners and developers alike. | ||
| 650 | 0 |
_aArchitecture _xPsychological aspects. |
|
| 650 | 0 | _a design theory | |
| 650 | 0 | _atraditional building | |
| 650 | 0 | _aEnvironmental aspects. | |
| 906 |
_a7 _bcbc _corignew _d3 _encip _f19 _gy-gencatlg |
||
| 942 |
_2ddc _cBK _n0 |
||
| 999 |
_c1994 _d1994 |
||